000 01737nam a2200421 a 4500
001 000038090
003 000038090
005 20171010125503.0
008 130313s2008 dr a 001 0dspa d
020 _z9789945061914
040 _aBPMSU
_bspa
_cBPMSU
049 _aBNPD
082 4 _a972.93
_bB622b, 2008
100 1 _aBisonó Haza, Víctor Orlando,
_d1963-
_q
245 1 4 _aLas bases de la nación fuente de virtudes ciudadanas /
_cVíctor Orlando Bisonó Haza, Ito Bisonó
250 _a3ª ed.
260 _aSanto Domingo :
_bSeguros Pepín ,
_c2008.
300 _a182 p. :
_bil.,
_c21 cm.
505 0 _gPrólogo /
_rJuan Sully Bonelly --
_tSímbolos patrios --
_tLos padres de la patria --
_tLa Constitución --
_tLos restauradores --
_tIdearios --
_tMás muestras de patriotismo --
_tConclusiones --
_gAnexos --
_gBibliografía.
650 4 _aIDENTIDAD NACIONAL
_zREPÚBLICA DOMINICANA
650 4 _aNACIONALISMO Y CULTURA
651 4 _aREPÚBLICA DOMINICANA
_xCARACTERÍSTICAS NACIONALES
651 4 _aREPÚBLICA DOMINICANA
_xHISTORIA
700 _4Bisono, Ito
910 _aValidado. Control de calidad EMS
930 1 _lBND01
_mLF1
_820130313
_f04
_pHD
_g35590
_he. 3
930 1 _lBND01
_mLF1
_820130313
_f04
_pMI
_g35590
_he. 4
930 1 _lBND01
_mLF1
_820130313
_f04
_pMI
_g35590
_he. 5
930 1 _lBND01
_mLF1
_h972.93
_820130313
_f01
_pHD
_g35590
930 1 _lBND01
_mLF1
_h972.93
_820130313
_f01
_pHD
_g35590
_he. 2
942 _2ddc
_cCF
945 _aInventariado, 2017/MFF
956 _aDGARCIA
_b10
_c20130313
_lBND01
_h1027
956 _aDGARCIA
_b10
_c20130313
_lBND01
_h1027
956 _aKLANTIGUA
_b10
_c20130314
_lBND01
_h1358
956 _aEMARRERO
_b40
_c20130818
_lBND01
_h2311
956 _aEMARRERO
_b40
_c20130818
_lBND01
_h2315
999 _c7121
_d7121